[Event "FIDE Chesscom Grand Swiss 2021"]
[Site "Riga"]
[Date "2021.11.06"]
[Round "10.30"]
[White "Sindarov, Javokhir"]
[Black "Donchenko, Alexander"]
[Result "1/2-1/2"]
[WhiteElo "2587"]
[BlackElo "2648"]
[Annotator "TA"]
[PlyCount "144"]
[EventDate "2021.10.27"]
[EventType "swiss"]
[EventCountry "LAT"]
[Tiebreak "Cut1 Buchholz+Sonneborn-Berger (Swiss)"]
[SourceTitle "playchess.com"]
[Source "ChessBase"]
[SourceQuality "1"]

{[%evp 9,144,2,11,0,8,0,0,0,18,0,16,10,39,50,40,27,34,6,37,33,39,34,76,0,12,10,
13,0,0,-12,-6,-2,-9,-37,-29,-31,-33,-36,0,0,0,0,0,0,14,18,29,26,43,43,123,85,
133,94,107,94,94,94,94,100,94,94,94,68,68,0,94,77,77,77,163,187,494,112,112,
112,375,371,445,425,409,412,1005,983,1574,1452,1179,459,616,538,1046,1160,1222,
776,1148,1133,1121,982,1037,1037,902,0,0,0,0,0,0,0,0,0,0,0,0,0,0,0,0,0,0,0,0,0,
0,0,0,0,0,0,0,0,0,0,0,0,0,0,0]} 1. e4 c6 2. d4 d5 3. f3 e6 4. Nc3 Bb4 5. Nge2
Ne7 6. a3 {B12: Caro-Kann: Advance Variation.} Ba5 7. h4 Nd7 {[#]} 8. h5 $146 (
{Predecessor:} 8. Bf4 O-O 9. h5 dxe4 10. h6 g6 11. fxe4 e5 12. dxe5 Bc7 13. e6
fxe6 14. Qd4 {1-0 (28) Escalante Ramirez,B (2423)-Wang,K (2427) Saint Louis
2019}) 8... h6 9. Bf4 Bc7 10. Qd2 dxe4 11. Nxe4 Nd5 12. Bxc7 Qxc7 13. O-O-O b6
14. c4 N5f6 15. N2c3 Nxe4 16. fxe4 (16. Nxe4 $16 O-O 17. c5) 16... e5 17. d5 $1
Nc5 18. Qc2 (18. Kb1 {is more complex.} O-O 19. Qe3 a5 20. Be2 Kh8 21. Rhf1)
18... a5 19. Na4 Nxa4 20. Qxa4 Bd7 21. d6 Qd8 22. c5 O-O 23. Qc2 a4 24. Kb1 Kh8
25. Bc4 f6 26. Qf2 b5 27. Ba2 b4 28. axb4 Qb8 $1 {[%cal Rb8b4]} 29. Qd2 a3 (
29... Qb5 $1 $14) 30. Bb3 $1 $16 Qb5 {Threatening ...Rfb8.} 31. Rhf1 Kh7 32.
Rc1 Rfb8 33. Bc4 $1 {[%cal Rc4b5]} Qa4 {[#]} 34. b3 {[%cal Rb3a4]} Rxb4 35. Ka2
Qa5 36. Bf7 Qb5 ({Not} 36... Rxb3 $2 37. Qxa5 Rb2+ 38. Kxa3 $18) 37. Bc4 (37.
Qc3 $14) 37... Qb7 (37... Qa5 $11) 38. Rf3 Rb8 39. Rg3 $36 {[%mdl 2048] White
is in control.} Be8 (39... Qc8 $16 {keeps fighting.}) 40. Qe2 Bf7 $2 (40... Qc8
{is tougher.} 41. Rc2 Bd7) 41. Bxf7 $2 (41. Qg4 $18 {[%csl Gg3][%cal Rg4g7]
and the rest is easy.} Bxc4 42. d7 (42. bxc4 $2 Rb2+ 43. Ka1 Rb1+ {[%mdl 64]
Back Rank} 44. Rxb1 Qxb1#) 42... Bxb3+ 43. Ka1) 41... Qxf7 42. Rcc3 f5 $2 {
[%mdl 8192]} (42... Kh8 $16) 43. exf5 $18 {[%mdl 64] Discovered Attack} Qxf5 {
[#]} 44. Rcf3 $1 {[%cal Rf3f5]} Qe6 45. Rg6 Qg8 (45... Qd5 $142 46. Qd3 Qxd3
47. Rxd3 e4) 46. Qxe5 Re8 47. Qf5 Kh8 48. Qf7 (48. d7 $142 {White threatens
Rxh6+! and mate.} Re2+ 49. Kxa3) 48... Re2+ 49. Kxa3 Rxb3+ 50. Qxb3 (50. Kxb3 {
gets mated.} Qb8+ 51. Kc4 Re4+ 52. Kd3 Qb1+ 53. Kd2 Qb2+ 54. Kd1 Qd4+ 55. Rd3
Qxd3+ 56. Kc1 Qc3+ 57. Kb1 Re1+ 58. Ka2 Ra1#) 50... Qa8+ 51. Kb4 {Rxh6+! would
kill now.} Re4+ 52. Kc3 Qa1+ 53. Kc2 {White wants to mate with Rf8+.} Re2+ 54.
Kd3 {Threatening mate with Rf8+.} Qa6+ 55. Qc4 $2 ({White has to play} 55. Kd4
$18 Qa1+ 56. Rc3) 55... Rd2+ $1 $11 {The position is equal.} 56. Kxd2 {
Intending Rf8+ and mate.} Qxc4 {[%mdl 4096] Endgame KQ-KRR} 57. Rgg3 {aiming
for Rd3.} (57. d7 {keeps more tension.} Qa2+ 58. Ke3 Qb3+ 59. Kf2 Qb2+ 60. Kf1)
57... Qa2+ $1 58. Kc3 Qa1+ $1 59. Kd3 Qd1+ 60. Kc3 {With the idea Rd3.} Qa1+ $1
61. Kb3 Qd1+ 62. Kb2 Qd2+ 63. Ka3 (63. Ka1 {is interesting.} Qa5+ 64. Kb2 Qb4+
65. Ka2 Qc4+ 66. Kb2) 63... Qa5+ {[%mdl 64] Double Attack} 64. Kb3 Qb5+ $1 65.
Ka2 Qa4+ (65... Qc4+ {seems wilder.} 66. Kb2 Qb4+ 67. Ka2 Qc4+) 66. Kb2 {
And now Rd3 would win.} Qb4+ $1 {[%mdl 64] Double Attack} 67. Rb3 (67. Ka1 {
with more complications.} Qa5+ 68. Kb2 Qb4+) 67... Qd2+ $1 68. Kb1 {Threatens
to win with Rgd3.} Qe1+ 69. Ka2 {Strongly threatening Rgd3.} Qf2+ 70. Ka1 {
Hoping for Rge3.} Qe1+ 71. Ka2 {Black must now prevent Rgd3.} Qf2+ 72. Ka1 {
Rge3 is the strong threat.} Qe1+ {Blacks defense is rewarded with a draw. 
Weighted Error Value: White=0.34/Black=0.31} 1/2-1/2

[Event "FIDE Chesscom Grand Swiss 2021"]
[Site "Riga"]
[Date "2021.11.06"]
[Round "10.31"]
[White "Kuybokarov, Temur"]
[Black "Tari, Aryan"]
[Result "1/2-1/2"]
[WhiteElo "2549"]
[BlackElo "2646"]
[Annotator "TA"]
[PlyCount "157"]
[EventDate "2021.10.27"]
[EventType "swiss"]
[EventCountry "LAT"]
[Tiebreak "Cut1 Buchholz+Sonneborn-Berger (Swiss)"]
[SourceTitle "playchess.com"]
[Source "ChessBase"]
[SourceQuality "1"]

{[%evp 13,157,43,36,52,48,49,44,39,52,37,48,36,35,-59,-40,-77,-71,-105,-105,
-105,-112,-103,-110,-120,-79,-91,-83,-86,-99,-95,-91,-103,-47,-54,-48,-45,-67,
-56,-58,-88,-92,-73,0,0,0,0,47,0,12,-33,-33,-33,-33,-36,-42,-47,-25,-81,-25,
-25,-25,-27,-25,-25,0,-27,-25,-25,-25,-25,-25,-25,-25,-25,-25,-25,-25,-25,-25,
-25,-25,-29,0,0,0,-12,-12,-74,-74,-74,-74,-74,-74,-74,-74,-74,-74,-74,0,-74,
-74,-149,-149,-149,-20,-222,0,0,0,0,0,0,0,0,0,0,0,0,0,0,0,0,0,0,0,0,0,0,0,0,0,
0,0,0,0,0,0,0,0,0,0,0,0,0,0,0]} 1. e4 e5 2. Nf3 Nc6 3. Bb5 a6 4. Ba4 Nf6 5. O-O
Nxe4 6. d4 Be7 7. Re1 b5 8. Rxe4 {C84: Closed Ruy Lopez: Unusual White 6th
moves.} d5 9. Nxe5 Nxe5 10. Rxe5 {White is slightly better.} bxa4 11. Nc3 {
11.Qe2 is more fashionable.} O-O {[#]} 12. Nxd5 $146 ({Predecessor:} 12. Rxd5
Bd6 13. Bf4 Be6 14. Bxd6 cxd6 15. Rh5 g6 16. Rh6 a3 17. bxa3 Rc8 18. Ne4 {
1/2-1/2 (42) Shirov,A (2662)-Martinez Alcantara,J (2620) chess.com INT 2020})
12... Bd6 13. Rh5 ({White should try} 13. Re1 $14) 13... g6 $15 14. Re5 Bb7 $1
15. c4 Bxe5 16. dxe5 Bxd5 17. cxd5 {[#]} Rb8 $1 18. Be3 Rxb2 19. Rc1 Qd7 20. d6
cxd6 21. exd6 Rd8 ({Don't play} 21... Rxa2 $6 22. Qd4 $11) 22. Bh6 f6 ({Reject
} 22... Rxa2 $6 23. Qd4 $11) (22... Qa7 $17 23. Qe1 Qd4) 23. Qd5+ $1 Qf7 24.
Qa5 Rbb8 25. Qc7 Qd7 26. Qc4+ {[#]} Kh8 $1 {Hoping for ...Rbc8.} 27. Qd4 Qf7 (
27... Qxd6 $17 28. Qxd6 Rxd6) 28. h4 $11 Rd7 29. Qxa4 Qe6 30. Bf4 (30. Qxa6 $5
{[%cal Rc1c8]} Re8 31. Bf4 $14) 30... Qf5 31. Bg3 Rb1 32. Qc6 Rxc1+ 33. Qxc1
$15 {[%mdl 4096] Endgame KQR-KQB} Kg7 34. Kh2 h5 35. a4 (35. Qc8 $11) 35... Qd5
(35... g5 $17 36. hxg5 fxg5 37. Qc3+ Kg6) 36. Qc8 $11 Qb7 (36... Ra7 {feels
hotter.} 37. Qe8 Rf7 38. Bf4 Kh7 39. f3 a5) 37. Qc5 Rd8 38. Qe3 Rd7 {And now ..
.Qb4 would win.} 39. Qc5 Rf7 40. Qc4 a5 41. Qc5 Qb4 42. Qc6 Qd4 {Threatens to
win with ...g5.} 43. Qe8 Qd5 44. Bf4 Kh7 45. f3 Rg7 46. Bg3 Qd4 (46... Qf5 {
keeps more tension.} 47. Qc6 Rd7 48. Qc8 Kg7 49. Qc3 Qd5) 47. Qd8 Qxa4 (47...
Ra7 {looks sharper.} 48. Qf8 Rd7 49. Kh3 Rg7 50. Kh2 Ra7) 48. Qxf6 Qe8 49. Qd4
a4 50. Bf4 (50. Be5 $11 Rb7 51. Qd5) 50... a3 $17 51. Bd2 a2 52. Bc3 {[%csl
Gc3][%cal Rd4g7]} Rd7 53. Ba1 Qf8 54. Kh3 Qc8 {aiming for ...Rxd6+.} ({But not
} 54... Rxd6 55. Qa7+ Kg8 56. Qxa2+ Kh7 57. Qa7+ Kh6 58. Qe3+ Kh7 59. Qa7+ Kh6
60. Qe3+ Kh7 61. Qa7+ $11) 55. Kg3 Qe8 56. Kh2 $1 Qg8 57. f4 (57. Kg3 $142)
57... Qf8 58. g3 Kh6 ({Better is} 58... Rxd6 $17 59. Qa7+ Kh6 60. Qxa2 Qd8) 59.
Qb2 (59. Qe3 $1 $11 Kh7 60. Qd4) 59... Qg8 $2 ({Black should play} 59... Rxd6
$19 60. Qxa2 Qd8) 60. Qe5 $11 {The position is equal.} Rf7 61. Qe6 Rf8 62. f5
Re8 63. Qf6 {Intending d7 and mate.} Re2+ $1 64. Kh3 {d7 would kill now.} Re1
65. Kh2 Re2+ 66. Kg1 Re1+ 67. Kf2 Rxa1 $1 68. Qxa1 {KQ-KQ} Qf7 69. Qh8+ Qh7 70.
Qxh7+ (70. Qd4 {is more complex.} Qd7 71. Qd2+ Kg7 72. Qb2+ Kh6 73. Qxa2 Qxf5+
74. Kg2) 70... Kxh7 71. fxg6+ Kxg6 {K3P-KPP} (71... Kg7 $5 72. d7 $8 a1=Q $11)
72. d7 a1=Q {( -> ...Qd4+)} 73. d8=Q {Strongly threatening Qg5+. KQ-KQ} Qb2+
74. Kf3 (74. Ke1 {is interesting.} Qc3+ 75. Kf2 Qb2+) 74... Qc3+ 75. Ke4 Qe1+
76. Kf3 Qf1+ 77. Ke3 {Qg5+ is the strong threat.} Qe1+ 78. Kf3 {Black must now
prevent Qg5+.} Qf1+ 79. Ke3 {Weighted Error Value: White=0.16/Black=0.14}
1/2-1/2

[Event "FIDE Chesscom Grand Swiss 2021"]
[Site "Riga"]
[Date "2021.11.06"]
[Round "10.32"]
[White "Chigaev, Maksim"]
[Black "Henriquez Villagra, Cristobal"]
[Result "0-1"]
[WhiteElo "2639"]
[BlackElo "2608"]
[Annotator "TA"]
[PlyCount "74"]
[EventDate "2021.10.27"]
[EventType "swiss"]
[EventCountry "LAT"]
[Tiebreak "Cut1 Buchholz+Sonneborn-Berger (Swiss)"]
[SourceTitle "playchess.com"]
[Source "ChessBase"]
[SourceQuality "1"]

{[%evp 14,74,19,23,25,22,23,26,28,23,26,27,17,0,0,3,30,0,0,0,0,-20,-9,0,0,0,12,
26,52,-40,-41,-50,-37,-49,-33,-24,-39,-60,-46,-82,-82,-83,-88,-77,-79,-80,-79,
-416,-404,-403,-410,-416,-410,-393,-400,-696,-701,-694,-689,-677,-663,-1992,
-2458]} 1. e4 c5 2. Nf3 Nc6 3. d4 cxd4 4. Nxd4 e5 5. Nb5 d6 6. c4 Be6 7. N1c3
a6 8. Na3 g6 {8...Be7 is vanishing. B32: Sicilian: Löwenthal and Kalashnikov
Variations.} 9. Be2 Bg7 10. O-O Rc8 {White has an edge.} 11. Nc2 Nf6 12. Be3
O-O 13. b3 b5 14. cxb5 Ne7 {[%cal Bc6e7,Be7d5,Bd5c3][%mdl 32] [#]} 15. Na4 $146
({Predecessor:} 15. Bd2 axb5 16. Bxb5 Qb6 17. Na3 Rxc3 18. Bxc3 Nxe4 19. Bb2 d5
20. Be2 d4 21. Nc4 Bxc4 22. Bxc4 {0-1 (35) Anand,V (2753)-Maghsoodloo,P (2676)
Chess.com INT 2020}) 15... Nxe4 16. bxa6 Nd5 17. Bc4 Ndc3 18. Nxc3 Nxc3 19. Qd2
({Don't play} 19. Qd3 e4 $17) 19... Ne4 20. Qb4 {Threatens to win with Bxe6.}
Rb8 21. Qa3 ({White should play} 21. Qe1 $14) 21... d5 $1 $15 {[%cal Rd5c4]
[%mdl 1024] Black has compensation.} 22. a7 Ra8 23. Bd3 Nc3 {...e4 is the
strong threat.} 24. Bc5 Re8 (24... e4 $5 25. Ba6 $8 (25. Bxf8 $2 Bxf8 26. b4
exd3 $19) 25... Qc7 $11) 25. Qb4 d4 26. Rfe1 Qd7 27. Na3 {[#]} Rec8 $1 28. Nc4
Bxc4 29. Bxc4 e4 30. f3 $2 {[%mdl 8192] Now White is beyond hope.} (30. a4 $17)
30... d3 $19 {White must now prevent ...Rxc5!} 31. Be3 Rxa7 32. fxe4 Rb7 33.
Qa5 {With the idea e5.} d2 34. Red1 (34. e5 $142 dxe1=B 35. Rxe1) 34... Nxe4 {
Hoping for ...Bd4.Black is clearly winning.} 35. Qd5 Bxa1 36. Qxe4 {[#]} Re8 $1
37. Qb1 (37. Qd5 Qxd5) 37... Bd4 {Weighted Error Value: White=0.49/Black=0.03}
0-1

[Event "FIDE Chesscom Grand Swiss 2021"]
[Site "Riga"]
[Date "2021.11.06"]
[Round "10.33"]
[White "Rakhmanov, Aleksandr"]
[Black "Yakubboev, Nodirbek"]
[Result "1/2-1/2"]
[WhiteElo "2657"]
[BlackElo "2621"]
[Annotator "TA"]
[PlyCount "61"]
[EventDate "2021.10.27"]
[EventType "swiss"]
[EventCountry "LAT"]
[Tiebreak "Cut1 Buchholz+Sonneborn-Berger (Swiss)"]
[SourceTitle "playchess.com"]
[Source "ChessBase"]
[SourceQuality "1"]

{[%evp 20,61,18,28,27,17,27,14,14,0,20,10,22,0,0,7,11,0,0,0,0,0,0,0,34,32,26,
22,36,-15,0,-13,-8,-13,0,0,0,0,0,0,0,0,0,0]} 1. Nf3 Nf6 2. g3 d5 3. Bg2 c6 4.
d4 Bg4 5. O-O Nbd7 6. Nbd2 e6 7. Re1 Be7 8. e4 dxe4 9. Nxe4 O-O 10. c3 Nxe4 11.
Rxe4 Bf5 {D02: 1 d4 d5 2 Nf3 sidelines, including 2...Nf6 3 g3 and 2...Nf6 3
Bf4.} 12. Re1 a5 13. a4 {has lost popularity (13.Bf4).} h6 {[#]} 14. Qe2 $146 (
{Predecessor:} 14. Nd2 Re8 15. Nc4 Nb6 16. Ne5 Nd7 17. Ng4 Bh7 18. Ne3 Bf8 19.
Bd2 Be7 20. Qb3 {1-0 (67) Gabuzyan,H (2577)-Beshukov,S (2385) Rome 2016}) 14...
Qb6 15. Nd2 Qa6 16. Nc4 Nb6 17. b3 Rfd8 18. Ba3 Bxa3 19. Nxa3 Qxe2 20. Rxe2 Nd5
21. Rc1 b5 22. axb5 cxb5 23. c4 bxc4 24. Nxc4 (24. bxc4 $14 Rac8 25. c5) 24...
a4 {The position is equal.} 25. bxa4 Rxa4 {[#] aiming for ...Rc8.} 26. Ne3 Ne7
27. d5 exd5 28. Nxf5 Nxf5 29. Re5 {[%mdl 64] [#] Double Attack} g6 30. Rxd5
Rxd5 31. Bxd5 {A rather calm draw.  Weighted Error Value: White=0.09/Black=0.06
} 1/2-1/2

[Event "FIDE Chesscom Grand Swiss 2021"]
[Site "Riga"]
[Date "2021.11.06"]
[Round "10.34"]
[White "Matlakov, Maxim"]
[Black "Ivic, Velimir"]
[Result "1-0"]
[WhiteElo "2682"]
[BlackElo "2606"]
[Annotator "TA"]
[PlyCount "57"]
[EventDate "2021.10.27"]
[EventType "swiss"]
[EventCountry "LAT"]
[Tiebreak "Cut1 Buchholz+Sonneborn-Berger (Swiss)"]
[SourceTitle "playchess.com"]
[Source "ChessBase"]
[SourceQuality "1"]

{[%evp 10,57,19,29,35,43,35,27,28,17,45,17,25,12,22,20,18,18,22,4,27,28,18,15,
34,22,0,0,0,0,113,123,248,246,333,325,462,419,545,549,566,566,565,558,557,554,
560,531,528,522]} 1. e4 c5 2. Nf3 Nc6 3. Bb5 e6 4. O-O Nge7 5. d4 cxd4 6. Nxd4
Ng6 {is now more promising than 6...Qb6. B30: Sicilian: 2...Nc6 3 Bb5, lines
without ...g6.} 7. Be3 Be7 8. c3 $5 {[%mdl 4] Exploring less charted territory.
} O-O {White has an edge.} 9. Nd2 Bg5 {[#]} 10. Qe1 $146 (10. Nc2 {keeps more
tension.} Bxe3 11. Nxe3 d5 12. exd5 exd5 13. Nf3) ({Predecessor:} 10. Bxg5 Qxg5
11. N2f3 Qc5 12. Qa4 a6 13. b4 Qh5 14. Rfe1 Nxd4 15. Nxd4 d6 16. Rad1 {1/2-1/2
(48) Kobalia,M (2594)-Sjugirov,S (2661) Moscow 2021}) 10... Nxd4 11. cxd4 Bxe3
12. Qxe3 d6 13. Rfc1 Bd7 14. Bf1 Rc8 15. d5 $36 {[%mdl 2048] White has some
pressure.} exd5 16. exd5 Qf6 17. Ne4 Qe5 18. Re1 f5 19. Nd2 Qf6 (19... Qxe3 $11
20. Rxe3 Rc7) 20. Qxa7 $16 Rc2 {[#] A mistake that costs the game.} (20... Be8
$16 21. Rad1 (21. Qxb7 Rc2 $16) 21... Nf4) 21. Nc4 $1 $18 Nh4 22. Qxb7 Rxc4 (
22... Ba4 {was necessary.} 23. Qe7 Qd4) 23. Bxc4 Qg5 {[%csl Gh4][%cal Rg5g2]}
24. Bf1 {White is clearly winning.} Nf3+ 25. Kh1 Nxe1 26. Qxd7 Nc2 27. Rd1 Qf4
28. Qe6+ Kh8 29. Qe2 {Weighted Error Value: White=0.03/Black=0.33} 1-0

[Event "FIDE Chesscom Grand Swiss 2021"]
[Site "Riga"]
[Date "2021.11.06"]
[Round "10.36"]
[White "Kollars, Dmitrij"]
[Black "Tabatabaei, M. Amin"]
[Result "0-1"]
[WhiteElo "2621"]
[BlackElo "2639"]
[Annotator "TA"]
[PlyCount "100"]
[EventDate "2021.10.27"]
[EventType "swiss"]
[EventCountry "LAT"]
[Tiebreak "Cut1 Buchholz+Sonneborn-Berger (Swiss)"]
[SourceTitle "playchess.com"]
[Source "ChessBase"]
[SourceQuality "1"]

{[%evp 22,100,35,43,51,33,59,31,97,86,100,75,123,52,67,14,56,22,45,0,0,-60,-75,
-69,-65,-139,-141,-153,-135,-162,-150,-119,-126,-120,-125,-123,-123,-155,-152,
-163,-119,-172,-151,-134,-91,-186,-196,-197,-196,-283,-269,-290,-298,-303,-301,
-368,-364,-428,-419,-412,-344,-314,-309,-735,-722,-474,-335,-611,-609,-609,
-593,-586,-559,-555,-516,-690,-681,-657,-649,-593,-569]} 1. e4 c5 2. Nc3 Nc6 3.
Nf3 d6 4. d4 cxd4 5. Nxd4 Nf6 6. Bg5 e6 7. Qd2 a6 8. O-O-O Bd7 9. f4 Be7 10.
Nf3 b5 11. Bxf6 gxf6 12. f5 Qa5 {[#] Strongly threatening ...b4. B69: Sicilian:
Richter-Rauzer: 7...a6 8 0-0-0 Bd7 9 f4 Be7 10 Nf3 b5 11 Bxf6.} 13. Kb1 h5 $1 {
[%mdl 4] is now more promising than 13...Rc8.} 14. Bd3 {[#]} b4 $146 (14...
O-O-O $14) ({Predecessor:} 14... O-O-O 15. Qe3 Kb7 16. Ne2 Qb6 17. Qd2 h4 18.
Nf4 h3 19. Nxh3 e5 20. Nf2 Bc8 {1-0 (65) Shomoev,A (2563)-Gabrielian,A (2448)
Cheliabinsk 2021}) 15. Ne2 $16 e5 16. Bc4 Rc8 17. Bd5 (17. Qd3 $16) 17... Qb6
18. c3 (18. Qe1 $14) 18... a5 19. cxb4 axb4 20. Rc1 Bf8 $1 21. Bb3 ({White
should play} 21. Qd1 $11) 21... Na5 $1 $15 22. Rxc8+ Bxc8 23. Bd5 (23. Qd5 $15
Nxb3 24. Qxb3) 23... Bh6 24. Qd1 Ke7 25. Nc1 Ba6 26. Nd2 Bxd2 27. Qxd2 Nc4 28.
Bxc4 Bxc4 29. Rd1 Rg8 30. g3 {[#]} Rg4 $1 31. Re1 (31. Qc2 $17 Bb5 32. Re1)
31... Ba6 32. Nb3 Bb7 33. Qc2 (33. Qg2 $17) 33... h4 $19 34. gxh4 Rxh4 35. Nd2
(35. Kc1 $142) 35... Rxh2 36. Nc4 Rxc2 37. Nxb6 {[%mdl 4096] Endgame KRB-KRN}
Rf2 38. Kc1 Rf4 39. Nd5+ Bxd5 40. exd5 {KR-KR} b3 41. a3 Rxf5 42. Re3 $2 (42.
Kd2) 42... Rf1+ 43. Kd2 Rf2+ 44. Kc1 $2 (44. Kc3) 44... Rc2+ {Black is clearly
winning.} 45. Kb1 Rd2 {[%cal Rd2d1]} 46. Rxb3 Rxd5 47. a4 e4 48. Ra3 Kd7 49. a5
{If only White now had time for a6....} Kc7 50. a6 {Black must now prevent a7.}
Kb8 {Weighted Error Value: White=0.48/Black=0.14} ({Weaker is} 50... Rd3 51.
Ra4 $11) 0-1

[Event "FIDE Chesscom Grand Swiss 2021"]
[Site "Riga"]
[Date "2021.11.06"]
[Round "10.37"]
[White "Bartel, Mateusz"]
[Black "Moussard, Jules"]
[Result "0-1"]
[WhiteElo "2597"]
[BlackElo "2632"]
[Annotator "TA"]
[PlyCount "108"]
[EventDate "2021.10.27"]
[EventType "swiss"]
[EventCountry "LAT"]
[Tiebreak "Cut1 Buchholz+Sonneborn-Berger (Swiss)"]
[SourceTitle "playchess.com"]
[Source "ChessBase"]
[SourceQuality "1"]

{[%evp 9,108,0,0,-14,10,10,9,0,18,0,39,22,41,9,2,0,6,0,2,11,21,18,39,45,49,39,
34,32,58,53,58,47,52,35,25,40,32,25,69,12,47,36,48,14,14,8,7,0,0,-11,-13,-58,
-57,-59,0,-58,-13,-26,-22,-56,-56,-56,-45,-62,-51,-180,-175,-172,-159,-183,
-153,-200,-198,-270,-263,-289,-279,-288,-268,-329,-319,-329,-327,-293,-280,
-393,-384,-377,-365,-412,-401,-638,-659,-790,-774,-649,-631,-1027,-968,-901,
-878]} 1. e4 c6 2. Nf3 d5 3. d3 dxe4 4. dxe4 Qxd1+ 5. Kxd1 Nf6 6. Nbd2 {
B10: Caro-Kann: 2 d3 and 2 c4.} g6 7. Bc4 Nbd7 {[#]} 8. Re1 $146 {The position
is equal.} ({Predecessor:} 8. a4 a5 9. h3 Bh6 10. Re1 Nc5 11. b3 O-O 12. Ba3
Nfd7 13. c3 Re8 14. Kc2 {1/2-1/2 (145) Demchenko,A (2599)-Olsen,F (2398)
Tornelo INT 2021}) 8... Bg7 9. a4 a5 10. h3 Nc5 11. Ne5 O-O 12. c3 Bh6 13. Kc2
Kg7 14. f3 Nh5 15. g4 Nf4 16. Nb3 Nxb3 17. Bxb3 f6 18. Nc4 Ng2 19. Bxh6+ Kxh6
20. Rg1 Nf4 21. h4 Be6 22. Nb6 Bxb3+ 23. Kxb3 Ra6 24. Nc4 (24. g5+ $14 fxg5 25.
Nd7) 24... Rfa8 25. Rgd1 b5 26. Ne3 (26. Na3 {is interesting.} Ng2 27. h5 gxh5
28. Rh1 bxa4+ 29. Kc2) 26... R6a7 27. Kc2 Kg7 28. axb5 cxb5 29. Nd5 Ng2 30. Rd3
Nxh4 31. f4 g5 (31... Rc8 $15) 32. f5 (32. Nb6 $1 $11 Rb8 33. Nd7) 32... h5 33.
gxh5 Kh6 34. Rg3 Rd8 35. Rd3 a4 36. Rad1 Rd6 (36... Rdd7 {with more
complications.} 37. Kd2 Ng2 38. Ra1 Rd6 39. Kc2 Nh4) 37. Ne3 {This move loses
the game for White.} (37. Rh1 $15) 37... Rxd3 $19 38. Rxd3 {[%mdl 4096]
Endgame KRN-KRN} Nf3 {[%cal Rf3e1]} 39. Rd8 Ne5 40. Rh8+ Kg7 41. Rb8 (41. Re8
$142) 41... g4 $1 42. Rxb5 g3 $1 43. Rd5 {[#]} a3 $1 {[%cal Ba4a3,Ba3a2][%mdl
32]} 44. Rd1 {[#]} a2 {[%cal Ra2a1]} 45. Ra1 {intending Nf1.} Kh6 46. b4 Kxh5
47. b5 (47. Kb3 $142) 47... Kg5 48. b6 Ra8 49. c4 Kf4 {[%mdl 64] Double Attack}
50. Nd5+ (50. Ng2+ $142 Kxe4 51. Kc3) 50... Kxe4 {Black is clearly winning.}
51. Kb3 g2 52. Nc3+ Kd4 53. Nxa2 Nxc4 {aiming for ...Ra3+.} 54. b7 Na5+ {
Weighted Error Value: White=0.35/Black=0.07} 0-1